[Event "Wch-blitz"]
[Site "Saint John"]
[Date "1988.??.??"]
[Round "1"]
[White "Olafsson, Helgi"]
[Black "Salov, Valery"]
[Result "1/2-1/2"]
[WhiteElo "2510"]
[BlackElo "2595"]

1.c4 Nf6 2.Nf3 e6 3.g3 d5 4.d4 Bb4+ 5.Bd2 Be7 6.Bg2 O-O 7.O-O c6 8.Qc2 Nbd7
9.Nc3 dxc4 10.a4 Nd5 11.e4 Nb4 12.Qb1 b6 13.Be3 Ba6 14.Rd1 g6 15.Bf1 Qc8
16.Nd2 b5 17.b3 Rb8 18.Bf4 Rb6 19.bxc4 bxc4 20.Nxc4 Bxc4 21.Bxc4 a5 22.Qc1 Bf6
23.e5 Bg7 24.Ne4 Qb8 25.Bh6 Nd5 26.Ra2 Rd8 27.Bxg7 Kxg7 28.h4 h5 29.Bxd5 cxd5
30.Nd6 f6 31.Qf4 Rf8 32.Qe3 fxe5 33.dxe5 Rb3 34.Qg5 Qd8 35.Qxd8 Rxd8 36.f4 Rxg3+
37.Kh2 Rg4 38.Rf1 Rxh4+ 39.Kg3 Rg4+ 40.Kh3 Rb8 41.Rc2 Kf8  1/2-1/2

[Event "Euwe mem"]
[Site "Amsterdam"]
[Date "1989.??.??"]
[Round "?"]
[White "Timman, Jan H"]
[Black "Salov, Valery"]
[Result "1-0"]
[WhiteElo "2610"]
[BlackElo "2630"]

1.e4 c5 2.Nf3 d6 3.d4 cxd4 4.Nxd4 Nf6 5.Nc3 e6 6.g4 h6 7.g5 hxg5 8.Bxg5 Nc6
9.Qd2 Qb6 10.Nb3 a6 11.O-O-O Bd7 12.h4 Rc8 13.Rh3 Qc7 14.f4 b5 15.Bg2 b4
16.Ne2 e5 17.Re3 Be6 18.Kb1 a5 19.Nbc1 a4 20.b3 Nh7 21.f5 Bd7 22.Rg3 Nf6
23.Nd3 Rb8 24.Bf3 Qb7 25.h5 Na7 26.h6 Rxh6 27.Bxh6 gxh6 28.Nf2 Nb5 29.Ng4 Nxg4
30.Rxg4 axb3 31.cxb3 Bxf5 32.exf5 Qxf3 33.Rg3 Qxf5+ 34.Ka1 e4 35.Qxb4 Qe5+
36.Kb1 f5 37.a4 d5 38.Rg8 Kf7 39.Rxf8+ Rxf8 40.Qxb5 Rb8 41.Qd7+ Kf6 42.Nd4 e3
43.Rg1 Qe4+ 44.Ka2 Ke5 45.Qg7+ Kd6 46.Qf6+  1-0

[Event "Euwe mem"]
[Site "Amsterdam"]
[Date "1989.??.??"]
[Round "?"]
[White "Short, Nigel D"]
[Black "Salov, Valery"]
[Result "1-0"]
[WhiteElo "2650"]
[BlackElo "2630"]

1.e4 e5 2.Nf3 Nf6 3.Nxe5 d6 4.Nf3 Nxe4 5.d4 d5 6.Bd3 Bd6 7.O-O O-O 8.c4 c6
9.Nc3 Nxc3 10.bxc3 Bg4 11.cxd5 cxd5 12.Rb1 b6 13.Rb5 Bc7 14.c4 Qd6 15.Re1 Bxf3
16.Qxf3 Qxh2+ 17.Kf1 Nc6 18.Rxd5 Rae8 19.Be3 g6 20.a3 Qh1+ 21.Ke2 Qh4 22.g4 f5
23.Rd7 f4 24.Rh1 Qf6 25.Qd5+ Re6 26.g5 Nxd4+ 27.Kd1  1-0

[Event "Euwe mem"]
[Site "Amsterdam"]
[Date "1989.??.??"]
[Round "?"]
[White "Hjartarson, Johann"]
[Black "Salov, Valery"]
[Result "0-1"]
[WhiteElo "2615"]
[BlackElo "2630"]

1.d4 Nf6 2.c4 e6 3.Nc3 Bb4 4.Qc2 O-O 5.a3 Bxc3+ 6.Qxc3 b6 7.Bg5 Bb7 8.f3 c5
9.dxc5 bxc5 10.e3 Nc6 11.Nh3 h6 12.Bh4 Rc8 13.O-O-O d5 14.Bxf6 gxf6 15.cxd5 exd5
16.Kb1 Qd6 17.Nf4 d4 18.Qe1 Qe5 19.Qg3+ Qg5 20.Nd5 Kg7 21.e4 Rfd8 22.Qf2 Qe5
23.Bd3 f5 24.f4 Qe6 25.exf5 Qxd5 26.Qg3+ Kf8 27.f6 Rd6 28.Qg7+ Ke8 29.Rhe1+ Kd8
30.Be4 Qb3 31.Bc2 Qd5 32.Be4 Qe6 33.Bxc6 Qf5+ 34.Ka1 Bxc6 35.Re7 Rd7 36.Re5 Qc2
37.Re8+ Kc7  0-1

[Event "Euwe mem"]
[Site "Amsterdam"]
[Date "1989.??.??"]
[Round "4"]
[White "Salov, Valery"]
[Black "Hjartarson, Johann"]
[Result "1-0"]
[WhiteElo "2630"]
[BlackElo "2615"]

1.d4 Nf6 2.c4 c5 3.d5 g6 4.Nc3 d6 5.e4 Bg7 6.h3 O-O 7.Nf3 a6 8.a4 e6 9.Bd3 exd5
10.cxd5 Nbd7 11.O-O Re8 12.Bf4 Qc7 13.Qd2 Nh5 14.Bh6 Ne5 15.Nxe5 Bxh6 16.Qxh6 dxe5
17.Rfc1 Bd7 18.Bf1 Nf6 19.Qe3 b6 20.Nb1 a5 21.b3 Rf8 22.Na3 Ne8 23.Bb5 Nd6
24.Bxd7 Qxd7 25.Nc4 Qc7 26.Nxe5 Rae8 27.Nc4 Nxe4 28.Re1 Qd8 29.Rad1 Nd6 30.Qf3 b5
31.axb5 Nxb5 32.d6 Nd4 33.Qd5 Ne2+ 34.Rxe2 Rxe2 35.d7 Kg7 36.Qxc5 Re7 37.Qd6 f6
38.Nxa5 Rff7 39.Nc6 Qxd7 40.Nxe7 Qxd6 41.Nf5+ gxf5 42.Rxd6 Rb7 43.Rd3 f4
44.Kf1 Kg6 45.Ke2 Kf5 46.Rc3 Rg7 47.b4 Rxg2 48.b5 Rg7 49.b6 Rb7 50.Rb3 Kg5
51.Kf3 f5 52.h4+ Kxh4 53.Kxf4 h5 54.Kxf5 Rf7+ 55.Kg6  1-0

[Event "World Cup"]
[Site "Rotterdam"]
[Date "1989.??.??"]
[Round "?"]
[White "Ehlvest, Jaan"]
[Black "Salov, Valery"]
[Result "1-0"]
[WhiteElo "2600"]
[BlackElo "2630"]

1.e4 e5 2.Nf3 Nc6 3.Bc4 Bc5 4.c3 Nf6 5.d3 a6 6.O-O Ba7 7.Nbd2 O-O 8.Re1 d6
9.Bb3 Ng4 10.Re2 Kh8 11.h3 Nh6 12.Nf1 f5 13.d4 Qf6 14.dxe5 Nxe5 15.Nxe5 Qxe5
16.exf5 Qxf5 17.Be3 Bxe3 18.Nxe3 Qg5 19.Qd5 Qf6 20.Rd1 Ng8 21.Bc2 g6 22.Qc4 c6
23.Qb4 d5 24.c4 d4 25.Rxd4 Bxh3 26.Rd6 Qg5 27.Kf1 Bf5 28.Qc3+ Rf6 29.Nxf5 gxf5
30.Rd7 b5 31.Re3 Rf8 32.Bd3 Qh5 33.Kg1 b4 34.Qe5 Nh6 35.Be2 Qg6 36.Rg3 Ng4
37.Qd4 h5 38.f3 f4 39.Bd3 Qe8 40.Rh3 Qe1+ 41.Bf1 Ne3 42.Rxh5+ Kg8 43.Rg5+ Kh8
44.Qe5 Qxf1+ 45.Kh2 Qb1 46.Rh5+ Kg8 47.Qe7  1-0

[Event "World Cup"]
[Site "Rotterdam"]
[Date "1989.??.??"]
[Round "?"]
[White "Nogueiras, Jesus"]
[Black "Salov, Valery"]
[Result "1/2-1/2"]
[WhiteElo "2575"]
[BlackElo "2630"]

1.d4 Nf6 2.c4 e6 3.Nf3 b6 4.g3 Bb7 5.Bg2 Be7 6.O-O O-O 7.Nc3 Ne4 8.Nxe4 Bxe4
9.Ne1 Bxg2 10.Nxg2 d5 11.Qa4 Qd7 12.Qxd7  1/2-1/2

[Event "Euwe mem"]
[Site "Amsterdam"]
[Date "1991.??.??"]
[Round "2"]
[White "Salov, Valery"]
[Black "Ljubojevic, Ljubomir"]
[Result "1/2-1/2"]
[WhiteElo "2645"]
[BlackElo "2590"]

1.d4 Nf6 2.c4 e6 3.Nf3 b6 4.Nc3 Bb7 5.a3 d5 6.cxd5 Nxd5 7.Qc2 Nxc3 8.Qxc3 Bd6
9.Bg5 f6 10.Bh4 Nd7 11.e3 Qe7 12.Bb5 c6 13.Ba4 b5 14.Bb3 c5 15.O-O O-O 16.Rfd1 Kh8
17.Bg3 c4 18.Bc2 f5 19.Bxd6 Qxd6 20.Ne5 a5 21.b3 cxb3 22.Bxb3 Rac8 23.Qxa5 Nxe5
24.dxe5 Qxe5 25.Qb6 Bc6 26.Rac1 Bd7 27.Rxc8 Bxc8 28.h3 h6 29.Qd6 Qxd6 30.Rxd6 Kh7
31.Kh2 Kg6 32.Bc2 Kf6 33.Bd3 Ke7 34.Rb6 Bd7 35.Bxb5 Bxb5 36.Rxb5 Ra8 37.Rb3 g5
38.Kg3 Ra4 39.Kf3 h5 40.Ke2 h4 41.Kd3 Kf6 42.Kc2 Ra8 43.Kb2 Rd8 44.Rc3 Rd2+
45.Rc2 Rd3 46.Rc3 Rd2+ 47.Rc2 Rd3 48.a4 g4 49.Rc3 Rd2+ 50.Rc2 Rd3 51.a5 Rd5
52.a6 Ra5 53.Rc6 Ke7 54.Rb6 Kd7 55.Kb3 Ra1 56.Kb2 Ra5 57.Rb7+ Kc6 58.Re7 Kd6
59.Ra7 Ke5 60.f3 gxf3 61.gxf3 f4 62.exf4+ Kxf4 63.Rf7+ Kg3 64.a7 Kxh3 65.Rg7 e5
66.Kb3 Kh2 67.Kb4 Ra1 68.Kb5 h3 69.Kb6 Rb1+ 70.Kc6 Ra1 71.Kb7 Rb1+ 72.Kc8 Ra1
73.Kb8 Rb1+ 74.Kc7 Ra1 75.Kd6 Ra5 76.Ke6 Kh1 77.Kf5 Kh2  1/2-1/2

[Event "Euwe mem"]
[Site "Amsterdam"]
[Date "1991.??.??"]
[Round "3"]
[White "Gurevich, Mikhail"]
[Black "Salov, Valery"]
[Result "1/2-1/2"]
[WhiteElo "2650"]
[BlackElo "2645"]

1.d4 d5 2.c4 c6 3.Nf3 Nf6 4.e3 Bf5 5.cxd5 cxd5 6.Qb3 Qc7 7.Nc3 e6 8.Bd2 Nc6
9.Nh4 Be4 10.f3 Bg6 11.Nxg6 hxg6 12.Bd3 a6 13.Rc1 Bd6 14.f4 Rc8 15.Qd1 Qe7
16.Qf3 Bb4 17.a3 Bxc3 18.Bxc3 Rc7 19.O-O O-O 20.Rc2 b5 21.g4 Rfc8 22.Rg2 b4
23.axb4 Nxb4 24.Bxb4 Qxb4 25.f5 Qb3 26.Bxa6 Ra8 27.fxg6 fxg6 28.g5 Ne4 29.Qf4 Re7
30.Be2 Nd2 31.Bd1 Qd3 32.Be2 Qb3 33.Bd1 Qd3 34.Be2 Qb3 35.Bd1  1/2-1/2

[Event "Euwe mem"]
[Site "Amsterdam"]
[Date "1991.??.??"]
[Round "5"]
[White "Salov, Valery"]
[Black "Karpov, Anatoly"]
[Result "1/2-1/2"]
[WhiteElo "2645"]
[BlackElo "2725"]

1.Nf3 Nf6 2.c4 c5 3.g3 Nc6 4.Bg2 d5 5.cxd5 Nxd5 6.Nc3 Nc7 7.a3 e6 8.O-O Be7
9.e3 O-O 10.d4 cxd4 11.exd4 Nd5 12.Qd3 Bd7 13.Nxd5 exd5 14.Re1 Be6 15.Bf4 Rc8
16.Rad1 Qd7 17.Ne5 Nxe5 18.dxe5 Rfd8 19.Be3 b6 20.Rd2 d4 21.Qxd4 Qb5 22.Bf1 Qb3
23.Rd3 Rxd4 24.Rxb3 Re4 25.Rd3  1/2-1/2

[Event "Euwe mem"]
[Site "Amsterdam"]
[Date "1991.??.??"]
[Round "6"]
[White "Timman, Jan H"]
[Black "Salov, Valery"]
[Result "0-1"]
[WhiteElo "2630"]
[BlackElo "2645"]

1.e4 c5 2.Nf3 Nc6 3.d4 cxd4 4.Nxd4 Nf6 5.Nc3 d6 6.Bg5 Bd7 7.Be2 Qa5 8.Bxf6 gxf6
9.O-O Nxd4 10.Qxd4 Rc8 11.Nd5 Qc5 12.Qxc5 Rxc5 13.Bd3 Bg7 14.Rad1 e6 15.Ne3 Ke7
16.c3 b5 17.f4 Rb8 18.a3 a5 19.Nc2 Rb6 20.Rde1 h5 21.Rf3 Bh6 22.Ref1 e5 23.f5 h4
24.Be2 Bc8 25.Rd3 Bb7 26.Bf3 Rc4 27.Re1 Bf4 28.b3 Rc7 29.Ne3 Bxe3+ 30.Rexe3 b4
31.axb4 axb4 32.c4 Ra6 33.Rd2 Ra3 34.Kf2 Bc6 35.Bd1 Ra1 36.Kf3 Rca7 37.Red3 R7a6
38.Ke3 Be8 39.Kf2 R1a2 40.Kf3 Rxd2 41.Rxd2 Bc6 42.Bc2 Ra2 43.Ke3 Rb2 44.Re2 Kd7
45.Rd2 Kc7 46.g3 hxg3 47.h4 Ba4 48.Re2 Bxb3 49.Bd3 Rxe2+ 50.Kxe2 Bd1+  0-1

[Event "Euwe mem"]
[Site "Amsterdam"]
[Date "1991.??.??"]
[Round "8"]
[White "Short, Nigel D"]
[Black "Salov, Valery"]
[Result "1/2-1/2"]
[WhiteElo "2635"]
[BlackElo "2645"]

1.e4 c5 2.Nf3 Nc6 3.d4 cxd4 4.Nxd4 Nf6 5.Nc3 d6 6.Bg5 Bd7 7.Be2 Qa5 8.Bxf6 gxf6
9.Nb3 Qg5 10.Nd5 O-O-O 11.O-O Rg8 12.g3 f5 13.f4 Qg7 14.exf5 Bxf5 15.Bf3 Bg4
16.c4 h5 17.Bxg4+ Qxg4 18.Ne3 Qxd1 19.Raxd1 Bg7 20.Rd2 e6 21.Kf2 Kc7 22.Rfd1 f5
23.Kf3 Bh8 24.Nc1 a5 25.Ne2 Nb4 26.b3 Rg6 27.Nc2 Nxc2 28.Rxc2 Bf6 29.h3 Kc6
30.Rd3 b6 31.Rcd2 Kc5 32.Re3 Bh8 33.Nc1 Rdg8 34.Ne2 Rd8 35.Red3 Rd7 36.h4 Kc6
37.Kf2 Rg8 38.Ng1 Bf6 39.Nf3 Re8 40.Ng5 Bh8 41.Rd1 Bb2 42.Nf3 Kc7 43.a4 Ba3
44.Kg2 Bc5 45.Re1 Rde7 46.Nd4 Bxd4 47.Rxd4 Kc6 48.Kf3 Rg8 49.Rd3 Rg6 50.Ree3 Rd7
51.Ke2 Rc7 52.Kd2 Kd7 53.Rd4 Rc6 54.Red3 Ke7 55.Ke2 Rg8 56.Kf2 Rd8 57.Ke2 Rc5
58.Kd2 d5 59.Ke2 dxc4 60.Rxd8 cxd3+ 61.Rxd3 b5 62.axb5 Rxb5 63.Ke3 Rb4 64.Kd2 e5
65.fxe5  1/2-1/2

[Event "Euwe mem"]
[Site "Amsterdam"]
[Date "1991.??.??"]
[Round "9"]
[White "Salov, Valery"]
[Black "Hjartarson, Johann"]
[Result "1/2-1/2"]
[WhiteElo "2645"]
[BlackElo "2535"]

1.d4 Nf6 2.c4 g6 3.Nf3 Bg7 4.g3 O-O 5.Bg2 d6 6.O-O Nbd7 7.Qc2 e5 8.Rd1 Qe7
9.Nc3 c6 10.e4 exd4 11.Nxd4 Re8 12.b3 Nc5 13.Bb2 a5 14.Rd2 h5 15.Na4 Nxa4
16.bxa4 Nd7 17.Nb3 Bxb2 18.Qxb2 Nb6 19.Qd4 c5 20.Qxd6 Qxd6 21.Rxd6 Nxc4 22.Rd5 b6
23.Rc1 Nb2 24.Rd2 Nxa4 25.e5 Rb8 26.Bc6 Rf8 27.Bb5 c4 28.Rxc4 Nc5 29.Nxc5 bxc5
30.Rxc5 Bh3 31.f3 Rfc8 32.Rxc8+ Rxc8 33.a4 Rc5 34.Kf2 Rxe5 35.Rd8+ Kg7 36.Ra8 Be6
37.h4 Bb3 38.Ra7 Rc5 39.Rxa5  1/2-1/2

[Event "Paris Immopar rapid"]
[Site "Paris"]
[Date "1991.??.??"]
[Round "1"]
[White "Salov, Valery"]
[Black "Jussupow, Artur"]
[Result "1/2-1/2"]
[WhiteElo "2665"]
[BlackElo "2625"]

1.d4 Nf6 2.Nf3 e6 3.c4 Bb4+ 4.Bd2 a5 5.g3 O-O 6.Bg2 b6 7.O-O Bb7 8.Nc3 d6
9.Rc1 Nbd7 10.Bg5 h6 11.Bxf6 Nxf6 12.Na4 d5 13.c5 b5 14.Nc3 Ba6 15.Ne5 Qe8
16.a3 Bxc3 17.bxc3 Nd7 18.f4 Nxe5 19.fxe5 b4 20.axb4 axb4 21.cxb4 Qb5 22.Rf2 Qxb4
23.e3 Bc4 24.Qd2 Qb3 25.Bf1 Ra3 26.Bxc4 dxc4 27.Qe2 Qxe3 28.Qxe3 Rxe3 29.Rxc4 Rd3
30.Rb2 Rd8 31.c6 R8xd4 32.Rxd4 Rxd4 33.Rb7 Rc4 34.Rxc7 Rc5 35.Kf2 h5 36.Kf3 Rxe5
37.Rd7 Rc5 38.c7 Kh7 39.Rxf7 Kg6 40.Rd7 Kf6 41.Ke4 g5 42.h4  1/2-1/2

[Event "Paris Immopar rapid"]
[Site "Paris"]
[Date "1991.??.??"]
[Round "1"]
[White "Jussupow, Artur"]
[Black "Salov, Valery"]
[Result "0-1"]
[WhiteElo "2625"]
[BlackElo "2665"]

1.d4 f5 2.Nf3 Nf6 3.g3 e6 4.Bg2 d5 5.O-O Bd6 6.c4 c6 7.b3 Qe7 8.Nc3 O-O 9.Na4 b6
10.Nb2 Ba6 11.Qc2 Nbd7 12.Nd3 Rac8 13.Bf4 Ne4 14.Bxd6 Qxd6 15.Rfd1 c5 16.dxc5 bxc5
17.e3 Bb7 18.Qb2 Qb6 19.Rac1 Rfd8 20.Nf4 dxc4 21.Rxc4 Ba6 22.Rc2 Ne5 23.Rcc1 Ng4
24.Rxd8+ Rxd8 25.Bf1 Bxf1 26.Rxf1 c4 27.Qc2 c3 28.Nd4 e5 29.Nxf5 Ngxf2 30.Nd5 Qe6
31.Nfe7+ Kh8 32.Rxf2 Nxf2 33.Qxf2 Qxe7 34.Nxc3 Qb4 35.Qb2 Rd3 36.Ne2 Qe1+
37.Kg2 Rd2 38.Qxe5 Qxe2+ 39.Kh3 Qxh2+ 40.Kg4 Qe2+ 41.Kh3 Qf1+ 42.Kg4 Rd8
43.Qe7 Rf8 44.e4 Qf3+ 45.Kh3 h5 46.b4 Qh1+  0-1

[Event "Brussels SWIFT rapid"]
[Site "Brussels"]
[Date "1992.??.??"]
[Round "?"]
[White "Salov, Valery"]
[Black "Piket, Jeroen"]
[Result "0-1"]
[WhiteElo "2655"]
[BlackElo "2615"]

1.d4 Nf6 2.Nf3 g6 3.g3 Bg7 4.Bg2 O-O 5.O-O d6 6.c4 c6 7.Nc3 Qa5 8.e4 Bg4
9.h3 Bxf3 10.Qxf3 Nfd7 11.Be3 Qb4 12.Rfc1 Qxb2 13.Rab1 Qa3 14.Rxb7 Bxd4 15.Rb3 Qc5
16.Na4 Qe5 17.Bxd4 Qxd4 18.e5 Qxe5 19.Rb7 Qa5 20.Qb3 Rd8 21.Qd1 Qa6 22.Qb3 Nb6
23.Nxb6 Qxb7 24.Nxa8 Qxa8 25.Re1 e6 26.h4 Nd7 27.h5 Qb8 28.Qc3 Qb6 29.h6 e5
30.Bh3 f5 31.Qd2 Nf6 32.Qg5 Kf7 33.Kg2 Qd4 34.Re3 Rb8 35.Bxf5 gxf5 36.Qxf5 e4
37.Ra3 Rb2 38.Qf4 Kg6 39.g4 Qe5 40.Qxe5 dxe5 41.Kg3 Kxh6 42.Rxa7 Kg6 43.Ra6 h5
44.gxh5+ Nxh5+ 45.Kg4 Nf6+  0-1

[Event "Dortmund"]
[Site "Dortmund"]
[Date "1992.??.??"]
[Round "4"]
[White "Salov, Valery"]
[Black "Shirov, Alexei"]
[Result "1/2-1/2"]
[WhiteElo "2655"]
[BlackElo "2655"]

1.d4 d5 2.c4 c6 3.Nf3 Nf6 4.e3 Bf5 5.Bd3 Bxd3 6.Qxd3 e6 7.Nc3 Nbd7 8.O-O Bd6
9.e4 dxe4 10.Nxe4 Nxe4 11.Qxe4 O-O 12.Bg5 Be7 13.Bf4 Nf6 14.Qe2 c5 15.Rfd1 cxd4
16.Nxd4 Qb6 17.Rd3 Rfd8 18.Rad1 Rac8 19.b3 a6 20.h3 Bc5 21.Be3 Rd7 22.Nc2 Rcd8
23.Rxd7 Rxd7 24.Rxd7 Nxd7 25.b4 Bxe3 26.Qxe3 Qc6 27.Qd3 h6 28.c5 Nf6 29.Ne3 Nd5
30.Nxd5 exd5 31.a3 a5 32.g3 axb4 33.axb4 h5 34.h4 g6 35.Qd4 Kf8 36.Kg2 Ke7
37.Kf3 Kd7 38.Kf4 Qe6 39.b5 f6 40.Kf3 Kc7 41.Qa4 Kd7 42.Qd4 Kc7 43.Kg2 Kd7
44.Kf3  1/2-1/2

[Event "Dortmund"]
[Site "Dortmund"]
[Date "1992.??.??"]
[Round "5"]
[White "Anand, Viswanathan"]
[Black "Salov, Valery"]
[Result "1/2-1/2"]
[WhiteElo "2670"]
[BlackElo "2655"]

1.e4 c5 2.Nf3 Nc6 3.d4 cxd4 4.Nxd4 Nf6 5.Nc3 d6 6.Be3 e6 7.Qd2 Be7 8.f3 O-O
9.O-O-O d5 10.exd5 Nxd5 11.Nxd5 Qxd5 12.Nb3 Qxd2+ 13.Rxd2 Rd8 14.Rxd8+ Nxd8
15.Bd3 Bd7 16.Be4 f5 17.Bd3 Kf7 18.c3 Nc6 19.Bc4 Rc8 20.Kb1 b6 21.Rd1 Be8
22.Re1 Bd7 23.Ba6 Rd8 24.Bf4 Be8 25.Bc7 Rd7 26.Bg3 Rd8 27.Bb7 Bd6 28.Bxd6  1/2-1/2

[Event "FRA-chT"]
[Site "?"]
[Date "1992.??.??"]
[Round "?"]
[White "Pinter, Jozsef"]
[Black "Salov, Valery"]
[Result "0-1"]
[WhiteElo "2580"]
[BlackElo "2655"]

1.d4 d5 2.c4 c6 3.Nc3 e5 4.dxe5 d4 5.Ne4 Qa5+ 6.Nd2 Nd7 7.Nf3 Nxe5 8.Nxd4 Nxc4
9.e3 Nxd2 10.Bxd2 Bb4 11.a3 Bxd2+ 12.Qxd2 Qxd2+ 13.Kxd2 Nf6 14.f3 c5 15.Nb5 Ke7
16.e4 a6 17.Nc3 Be6 18.Be2 Nd7 19.Ke3 b5 20.Rhd1 Nb6 21.b4 Rhc8 22.Rdc1 Ra7
23.Bd3 Rac7 24.bxc5 Rxc5 25.Ne2 Bc4 26.Nd4 g6 27.Rc2 Na4 28.Rb1 Bxd3 29.Kxd3 Kd6
30.Rxc5 Nxc5+ 31.Kd2 Ke5 32.Ke3 Na4 33.f4+ Kd6 34.Ne2 Nb6 35.Rb3 Rc2 36.Kd3 Ra2
37.e5+ Ke7 38.g4 Nc4 39.Nc3 Rb2 40.Nd5+ Kf8 41.Kd4 Kg7 42.g5 h5 43.gxh6+ Kxh6
44.a4 Na5 45.Ra3 bxa4 46.Rxa4 Rd2+ 47.Kc5 Nb7+ 48.Kc4 Rc2+ 49.Kd4 Rd2+ 50.Kc4 Rc2+
51.Kd4 Nc5 52.Rb4 a5 53.Rb8 Ne6+ 54.Ke3 Rc4 55.Rh8+ Kg7 56.Ra8 a4 57.Ra7 Rc5
58.Nb6 Rc3+ 59.Kd2 Rf3 60.Rxa4 Nxf4 61.Rd4 g5 62.Nc4 Ne6 63.Rd3 Rf4 64.Nd6 Kg6
65.Rg3 Nd4 66.Re3 Nf5 67.Rd3 Nd4 68.Re3 Rf2+ 69.Kd3 Nf5 70.Re4 Rf3+ 71.Kd2 Ra3
72.Nc4 Ra2+ 73.Ke1 Ng7 74.Nd6 Ne6 75.Kf1 Nf4 76.Re3 Rd2 77.Ke1 Rd5 78.Kf1 Rc5
79.Re4 Ra5 80.Re3 Rd5 81.Re4 f5 82.e6 fxe4 83.e7 Re5 84.e8=Q+ Rxe8 85.Nxe8 e3
86.Nd6 g4 87.Ne4 Kf5 88.Ng3+ Ke5  0-1

[Event "Linares"]
[Site "Linares"]
[Date "1992.??.??"]
[Round "11"]
[White "Illescas Cordoba, Miguel"]
[Black "Salov, Valery"]
[Result "1/2-1/2"]
[WhiteElo "2555"]
[BlackElo "2655"]

1.d4 Nf6 2.c4 e6 3.Nc3 Bb4 4.Qc2 O-O 5.Nf3 c5 6.dxc5 Na6 7.g3 Nxc5 8.Bg2 Nce4
9.Bd2 Nxd2 10.Nxd2 a6 11.O-O Qc7 12.Rfc1 Rb8 13.Nce4 Nxe4 14.Bxe4 h6 15.a3 Be7
16.c5 b6 17.cxb6 Qxb6 18.Nc4 Qb3 19.Bh7+ Kh8 20.Qxb3 Rxb3 21.Bc2 Rb8 22.b4 g5
23.Bd3 Kg7 24.Ra2 Bb7 25.Na5 Rfc8 26.Rac2 Rxc2 27.Rxc2 Bc8 28.e3 Bd8 29.Nb3 Kf8
30.f4 Ke7 31.Kf2 Bb6 32.Nc5 a5 33.b5 Bb7 34.Nxb7 Rxb7 35.Rc8 f5 36.h3 gxf4
37.gxf4 Rc7 38.Rxc7 Bxc7 39.Kf3 d5 40.Ke2 Bb6 41.Bc2 Kd6 42.Kd3  1/2-1/2

[Event "Madrid"]
[Site "Madrid"]
[Date "1992.??.??"]
[Round "2"]
[White "Karpov, Anatoly"]
[Black "Salov, Valery"]
[Result "1-0"]
[WhiteElo "2725"]
[BlackElo "2655"]

1.d4 Nf6 2.c4 e6 3.Nf3 b6 4.g3 Bb7 5.Bg2 Be7 6.Nc3 Ne4 7.Bd2 O-O 8.d5 f5
9.Qc2 Nd6 10.b3 Bf6 11.Rd1 Qe7 12.O-O Na6 13.Ne1 c6 14.dxc6 dxc6 15.Nd3 c5
16.Bxb7 Qxb7 17.a3 Rad8 18.Bf4 Nf7 19.Be3 Nb8 20.b4 cxb4 21.axb4 Nc6 22.Nf4 Qe7
23.b5 Nd4 24.Qa2 Be5 25.Nfd5 exd5 26.Bxd4 dxc4 27.Qxc4 Rc8 28.Qb3 Bxd4 29.Rxd4 Qc5
30.Rd3 Qc4 31.Qxc4 Rxc4 32.Nd5 Re8 33.Ra1 Nd6 34.Ne3 Rxe3 35.Rxe3 Nxb5 36.Re5 Rb4
37.Rxf5 a5 38.Rc1 Nd6 39.Rd5 Nc4 40.Rd7 a4 41.Rcd1 a3 42.Ra7 h6 43.Rdd7 Na5
44.Rxg7+ Kf8 45.Rh7 Kg8 46.Rhd7  1-0

[Event "Madrid"]
[Site "Madrid"]
[Date "1992.??.??"]
[Round "4"]
[White "San Segundo, Pablo"]
[Black "Salov, Valery"]
[Result "1/2-1/2"]
[WhiteElo "2415"]
[BlackElo "2655"]

1.Nf3 Nf6 2.c4 e6 3.g3 d5 4.d4 Bb4+ 5.Bd2 Be7 6.Bg2 O-O 7.O-O c6 8.Qb3 Nbd7
9.Rc1 Nb6 10.c5 Nc4 11.Bf4 b6 12.Na3 Nxa3 13.Qxa3 bxc5 14.dxc5 a5 15.Bd6 Bb7
16.Ne5 Ne8 17.Bxe7 Qxe7 18.e4 Qc7 19.Qc3 Nf6 20.exd5 exd5 21.b3 Rfe8 22.Re1 Rad8
23.Qd4 Ne4 24.Nd3 Ba6 25.Nf4 Nf6 26.Rad1 Kf8 27.Bf3 Qb8 28.Nh5 Nxh5 29.Bxh5 Qb4
30.Re3 Bb5 31.a4 Qxd4 32.Rxd4 Ba6 33.Bg4 g6 34.h4 Rxe3 35.fxe3 f5 36.Bd1 Ke7
37.Kf2 Kf6 38.Ke1 Rb8 39.Kd2 h6 40.Kc3 Re8 41.Kd2 Ke5 42.Bf3 g5 43.b4 Bc4
44.b5 cxb5 45.axb5 Rc8 46.c6 Kd6 47.hxg5 hxg5 48.g4 f4 49.exf4 Kc5 50.Kc3 gxf4
51.g5 Kxb5 52.Bxd5 Bxd5 53.Rxd5+ Kb6 54.Rf5 Rxc6+ 55.Kb3 Rc1  1/2-1/2

[Event "Madrid"]
[Site "Madrid"]
[Date "1992.??.??"]
[Round "5"]
[White "Salov, Valery"]
[Black "Romero Holmes, Alfonso"]
[Result "0-1"]
[WhiteElo "2655"]
[BlackElo "2490"]

1.d4 d6 2.c4 e5 3.Nf3 e4 4.Ng5 f5 5.Nc3 Be7 6.Nh3 Nf6 7.Nf4 c6 8.h4 Na6 9.e3 O-O
10.Be2 Nc7 11.d5 cxd5 12.cxd5 Nd7 13.g3 Bf6 14.Kf1 Be5 15.Bd2 Nf6 16.Qb3 Rb8
17.a4 Kh8 18.Kg2 Bd7 19.Rhc1 Na6 20.Qa3 Nc5 21.b4 Na6 22.Rab1 Nc7 23.Bc4 Rc8
24.b5 Be8 25.Nce2 Bf7 26.Qa2 h6 27.Bc3 Qe7 28.Bb3 g5 29.hxg5 hxg5 30.Ne6 Nxe6
31.Bxe5 dxe5 32.dxe6 Bh5 33.Ng1 Rxc1 34.Rxc1 f4 35.Qd2 Ng4 36.Qd7 fxe3 37.Nh3 Qf6
38.Bd1 exf2  0-1

[Event "Madrid"]
[Site "Madrid"]
[Date "1992.??.??"]
[Round "7"]
[White "Polgar, Zsuzsa"]
[Black "Salov, Valery"]
[Result "0-1"]
[WhiteElo "2530"]
[BlackElo "2655"]

1.d4 f5 2.Nc3 d5 3.Bf4 Nf6 4.e3 e6 5.Nf3 Be7 6.Bd3 O-O 7.h3 Ne4 8.Ne2 c5
9.c3 Nc6 10.Ne5 Bd6 11.f3 cxd4 12.Nxc6 Qh4+ 13.g3 Nxg3 14.Bxg3 Bxg3+ 15.Kf1 bxc6
16.cxd4 f4 17.Nxg3 Qxg3 18.e4 e5  0-1

[Event "Moscow rapid"]
[Site "Moscow"]
[Date "1992.??.??"]
[Round "?"]
[White "Shirov, Alexei"]
[Black "Salov, Valery"]
[Result "0-1"]
[WhiteElo "2710"]
[BlackElo "2655"]

1.e4 c5 2.Nf3 d6 3.d4 cxd4 4.Nxd4 Nf6 5.Nc3 e6 6.g4 h6 7.h3 Nc6 8.Be3 a6
9.f4 d5 10.e5 Nd7 11.Qe2 Qh4+ 12.Kd2 Bc5 13.Nxc6 bxc6 14.Bxc5 Nxc5 15.Qe3 Qe7
16.Rd1 Rb8 17.Kc1 a5 18.Rg1 g5 19.Rd4 Rb4 20.a3 Rxd4 21.Qxd4 gxf4 22.h4 Nd7
23.g5 Qc5 24.Qxc5 Nxc5 25.gxh6 Ke7 26.Rg4 Rxh6 27.Be2 Nd7 28.Rxf4 Nxe5 29.Ra4 Bd7
30.h5 f5 31.Rxa5 f4 32.Bd1 f3 33.Ra4 Rxh5 34.Rf4 Rh1 35.a4 c5 36.a5 Bc6 37.b4 cxb4
38.Na2 b3 39.Nb4 b2+ 40.Kxb2 Rxd1 41.a6 Rh1 42.Nxc6+ Nxc6 43.Rxf3 Rh8 44.Rc3 Kd6  0-1

[Event "Oviedo rapid45"]
[Site "Oviedo"]
[Date "1992.??.??"]
[Round "3"]
[White "Danailov, Silvio"]
[Black "Salov, Valery"]
[Result "0-1"]
[WhiteElo "2445"]
[BlackElo "2655"]

1.Nf3 Nf6 2.c4 e6 3.g3 d5 4.d4 Bb4+ 5.Bd2 Be7 6.Bg2 O-O 7.O-O c6 8.Qc2 b6
9.Bf4 Bb7 10.b3 Nbd7 11.Nc3 Nh5 12.Bc1 f5 13.Bb2 Bd6 14.Rad1 Qe7 15.e3 Rac8
16.Ne2 Nhf6 17.Ne5 Bxe5 18.dxe5 Ng4 19.Qc3 Ngxe5 20.Nf4 Rf7 21.h3 Ng6 22.Nh5 Nf6
23.Nxf6+ Qxf6 24.Qc1 Qe7 25.Rd2 Nf8 26.Rfd1 dxc4 27.Qxc4 c5 28.Bxb7 Qxb7
29.Rd6 Re8 30.Qb5 Ree7 31.b4 cxb4 32.Qxb4 Rd7 33.Ba3 h6 34.Rc1 Kh7 35.Rdc6 Rd1+
36.Rxd1 Qxc6 37.Rd8 Nd7 38.Qf4 Nf6 39.Bb2 Ne4 40.h4  0-1

[Event "Oviedo rapid45"]
[Site "Oviedo"]
[Date "1992.??.??"]
[Round "4"]
[White "Salov, Valery"]
[Black "Taimanov, Mark E"]
[Result "1-0"]
[WhiteElo "2655"]
[BlackElo "2505"]

1.d4 Nf6 2.c4 e6 3.Nf3 Bb4+ 4.Nbd2 O-O 5.a3 Bxd2+ 6.Bxd2 d6 7.Bg5 Nbd7 8.e3 e5
9.Be2 Qe8 10.Nd2 exd4 11.exd4 Ne4 12.Nxe4 Qxe4 13.O-O Qg6 14.Qd2 Nf6 15.f3 Bd7
16.Rfe1 Rfe8 17.b4 Kf8 18.Bd3 Bf5 19.Bxf5 Qxf5 20.d5 b6 21.Bh4 a5 22.Bf2 axb4
23.axb4 Rxa1 24.Rxa1 Re7 25.Bh4 Qh5 26.Qd4 Re5 27.Bxf6 gxf6 28.f4 Qg4 29.Ra8+ Kg7
30.Ra7 Rg5 31.Qf2 Rg6  1-0

[Event "Oviedo rapid45"]
[Site "Oviedo"]
[Date "1992.??.??"]
[Round "5"]
[White "Rublevsky, Sergei"]
[Black "Salov, Valery"]
[Result "1-0"]
[WhiteElo "2505"]
[BlackElo "2655"]

1.e4 c5 2.Nf3 d6 3.d4 cxd4 4.Nxd4 Nf6 5.Nc3 e6 6.Bc4 Nc6 7.Be3 a6 8.Qe2 Qc7
9.O-O-O Na5 10.Bd3 b5 11.Bg5 Be7 12.a3 Bd7 13.f4 Nc4 14.Rhf1 Rc8 15.Bxc4 Qxc4
16.Qe1 O-O 17.Nf3 Qc7 18.Qh4 Nxe4 19.Bxe7 Nxc3 20.bxc3 Qxc3 21.Rf2 b4 22.Bxf8 Qa1+
23.Kd2 Qc3+ 24.Kc1 bxa3 25.Bxg7 Kxg7 26.Qg3+ Kf8 27.Ng5 Qb2+ 28.Kd2 Rxc2+
29.Ke1 Qb4+ 30.Kf1 Rxf2+ 31.Qxf2 h6 32.Nf3 Bb5+ 33.Kg1 d5 34.Nd2 a2  1-0

[Event "Oviedo rapid45"]
[Site "Oviedo"]
[Date "1992.??.??"]
[Round "7"]
[White "Piza Cortizo, Daniel"]
[Black "Salov, Valery"]
[Result "0-1"]
[WhiteElo "2320"]
[BlackElo "2655"]

1.d4 Nf6 2.c4 e6 3.g3 d5 4.Bg2 Bb4+ 5.Bd2 Be7 6.Nf3 O-O 7.O-O c6 8.Qb3 a5
9.Nc3 a4 10.Nxa4 dxc4 11.Qc2 Nbd7 12.b3 cxb3 13.axb3 Nd5 14.Nb2 Nb4 15.Bxb4 Rxa1
16.Rxa1 Bxb4 17.Nd3 Be7 18.b4 Qb6 19.Qc4 Rd8 20.e3 Nf6 21.Nfe5 Nd5 22.Rb1 Qb5
23.Qxb5 cxb5 24.Rc1 f6 25.Nf3 Kf7 26.Bf1 Bd7 27.Nc5 Bc6 28.Bh3 Bxc5 29.bxc5 b4
30.Nd2 Nc3 31.Ra1 e5 32.Nc4 exd4 33.exd4 b3 34.Re1 Rxd4 35.Nd6+ Kg6 36.Bg2 Rd1
37.Rxd1 Nxd1 38.Nc4 b2  0-1

[Event "Paris Immopar rapid"]
[Site "Paris"]
[Date "1992.??.??"]
[Round "1"]
[White "Jussupow, Artur"]
[Black "Salov, Valery"]
[Result "1/2-1/2"]
[WhiteElo "2640"]
[BlackElo "2655"]

1.d4 d5 2.c4 dxc4 3.Nf3 a6 4.e3 Nf6 5.Bxc4 e6 6.O-O c5 7.Qe2 b5 8.Bb3 Bb7
9.a4 c4 10.Bc2 Nbd7 11.e4 Be7 12.Bg5 O-O 13.Nbd2 h6 14.Bh4 Nh5 15.Bxe7 Qxe7
16.Qe3 e5 17.h3 Rfc8 18.axb5 axb5 19.dxe5 Nxe5 20.Nd4 Qc5 21.b4 Qb6 22.Rxa8 Rxa8
23.Nb1 Rd8 24.Rd1 Nd3 25.Bxd3 Rxd4 26.Bf1 Rd6 27.Qxb6 Rxb6 28.Rd8+ Kh7 29.Nc3 Nf6
30.f3 Bc6 31.Kf2 Ra6 32.Ke3 Ra1 33.Be2 Rc1 34.Kd2 Rg1 35.Rd6 Be8 36.g4 h5
37.e5 Nd7 38.f4 g5 39.e6 hxg4 40.hxg4 Nf8 41.Rd8 Nxe6 42.Rxe8 Nxf4 43.Bf3 Rf1
44.Be4+ Kg7 45.Nxb5 Rg1  1/2-1/2